Landlocked Countries Whose Only Borders are with Countries With Coastlines - Statistics

General Stats
  • This quiz has been taken 2,220 times
    1,447 since last reset
  • The average score is 9 of 12
Answer Stats
# Country % Correct
1 Lesotho
88%
1 San Marino
88%
1 Vatican City
88%
2 Andorra
86%
2 Nepal
82%
2 Bhutan
80%
2 Eswatini
80%
5 Laos
76%
3 Luxembourg
76%
2 Mongolia
75%
5 Belarus
61%
2 Moldova
58%
No matching quizzes found
Score Distribution
Percent of People with Each Score
Percentile by Number Answered
Your Score History
You have not taken this quiz since the last reset